000 00671nam a2200229Ia 4500
003 OSt
005 20221005031956.0
006 a|||||r|||| 00| 0
007 ta
008 221004b |||||||| |||| 00| 0 urd d
024 _a121362
037 _bGift, 20/09/2012,
_cTextual
040 _aCRL
_cCRL
_burd
041 _2urd
_aurd
082 _aO168,6N42w, Q2
100 _aBadri Mukhtar Co.
_9584584
245 0 _aAleem Saba Naweedi
_b shakhs aur aks
260 _aChennai
_bTamil Nadu Pub. India
_c2012
650 _aURDU PROSE
_926866
942 _hO168,6N42w, Q2
_cTEXL
_2cc
999 _c938811
_d938811